Gimnasia y juegos básicos para el niño débil mental : (Record no. 26231)

MARC details
000 -CABECERA
campo de control de longitud fija 00653nam a2200181 a 4500
005 - FECHA Y HORA DE LA ÚLTIMA TRANSACCIÓN
campo de control 20240706063721.0
008 - ELEMENTOS DE LONGITUD FIJA--INFORMACIÓN GENERAL
campo de control de longitud fija 991125s1957 mx 000 0 spa u
035 ## - NÚMERO DE CONTROL DEL SISTEMA
Número de control de sistema UPN01000026231
049 ## - COLECCIÓN
Colección SEP
050 #4 - SIGNATURA TOPOGRÁFICA DE LA BIBLIOTECA DEL CONGRESO
Número de clasificación LC4611
Número de documento/Ítem A2.3
100 1# - ASIENTO PRINCIPAL--NOMBRE PERSONAL
Nombre de persona Acosta Ronquillo, Fernando
245 10 - MENCIÓN DE TÍTULO
Título Gimnasia y juegos básicos para el niño débil mental :
Resto del título su incorporación a la comunidad /
Mención de responsabilidad, etc. Fernando Acosta Ronquillo.
260 ## - PUBLICACIÓN, DISTRIBUCIÓN, ETC.
Lugar de publicación, distribución, etc. México :
Nombre del editor, distribuidor, etc. SEP, Dirección General de Educación Física,
Fecha de publicación, distribución, etc. 1957.
300 ## - DESCRIPCIÓN FÍSICA
Extensión 102 p., [4] p. de láms. :
Otras características físicas il.
650 #4 - ASIENTO SECUNDARIO DE MATERIA - TERMINO TEMATICO
Término de materia o nombre geográfico como elemento de entrada EDUCACION FISICA PARA NIÑOS
9 (RLIN) 16252
650 #4 - ASIENTO SECUNDARIO DE MATERIA - TERMINO TEMATICO
Término de materia o nombre geográfico como elemento de entrada Niños con discapacidad mental
9 (RLIN) 3820
905 ## - TIPO DE MATERIAL
Tipo de material Libro
Holdings
Estado de retiro Estado de pérdida Fuente del sistema de clasificación o colocación Estado dañado No para préstamo Código de colección Localización permanente Ubicación/localización actual Ubicación en estantería Fecha de adquisición Clasificación Código de barras Fecha visto por última vez Número de copia Tipo de ítem Koha
    Library of Congress Classification   Coleccion SEP Colección SEP Bib. Gregorio Torres Quintero Bib. Gregorio Torres Quintero Colección SEP 09/05/2023 LC4611 A2.3 41624 31/12/2020 1 Libro